Vplyv dlhodobej nezamestnanosti na migráciu za prácou do zahraničia
Príčiny dlhodobej nezamestnanosti na Slovensku a jej vplyv na ekonomiku a na migráciu pracovnej sily pri hľadaní práce do zahraničia. Nerovnomerné rozdelenie priemyslu a nedostatočná infraštruktúra ako jedna z príčin dlhodobej nezamestnanosti na Slovensku. Neochota ľudí migrovať medzi regiónmi Slov...
Uložené v:
| Hlavný autor: | |
|---|---|
| Médium: | Kapitola |
| Jazyk: | Slovak |
| Predmet: | |
| Tagy: |
Žiadne tagy, Buďte prvý, kto otaguje tento záznam!
|
MARC
| LEADER | 00000naa$a2200000$$$4500 | ||
|---|---|---|---|
| 001 | 0280702 | ||
| 005 | 20240502074346.7 | ||
| 041 | 0 | |a slo | |
| 044 | |a SK | ||
| 245 | 1 | 0 | |a Vplyv dlhodobej nezamestnanosti na migráciu za prácou do zahraničia |c Eleonóra Matoušková |
| 520 | |a Príčiny dlhodobej nezamestnanosti na Slovensku a jej vplyv na ekonomiku a na migráciu pracovnej sily pri hľadaní práce do zahraničia. Nerovnomerné rozdelenie priemyslu a nedostatočná infraštruktúra ako jedna z príčin dlhodobej nezamestnanosti na Slovensku. Neochota ľudí migrovať medzi regiónmi Slovenska za prácou. Vývoj nezamestnanosti v Slovenskej republike a v Európskej únii. | ||
| 610 | 2 | 0 | |a nezamestnanosť |
| 610 | 2 | 0 | |a trh práce |
| 610 | 2 | 0 | |a sily pracovné |
| 610 | 2 | 0 | |a kvalifikácia |
| 610 | 2 | 0 | |a vzdelanie |
| 610 | 2 | 0 | |a Slovensko |
| 610 | 2 | 0 | |a Európska únia |
| 100 | 1 | |a Matoušková, Eleonóra, 1962- | |